Les année 2000 à 2020 en 30 secondes - Statistiques

Statistiques générales
  • Ce quiz a été pris 152 fois
  • Le résultat moyen est 16 sur 21
Statistiques - réponses
Réponse % Correct
2001
98%
2002
96%
2000
93%
2003
93%
2004
93%
2005
92%
2006
89%
2007
88%
2008
88%
2009
88%
2010
84%
2011
82%
2012
79%
2013
74%
2014
71%
2015
64%
2016
60%
2017
53%
2018
47%
2020
47%
2019
42%
Aucun quiz correspondant
Distribution des résultats
% des personnes avec chaque résultat
Percentile par nombre de réponses
Votre historique - résultats
Vous n’avez pas pris ce quiz